00654nam a2200205 a 450000100060000000300080000600500170001400800410003103500190007204000320009104100080012308200260013110000330015724500640019026000480025430000350030250400370033765100350037465100390040943147BD-RjUL20211209053644.0160619s1961 nyua b 001 0 eng d a(BD-RjUL)43265 aDLCcOSUdSERdBD-RjULbeng aeng a338.973223bMOP 19611 aMorris, Bruce Robert,d1909-00aProblems of American economic growth /cBruce Robert Morris aNew York :bOxford University Press,cc1961 aviii, 279 p. :bill. ;c21 cm. aIncludes bibliography and index. 0aUnited StatesxEconomic policy 0aUnited StatesxEconomic conditions